| 000 | 00488cam a22001934a 4500 | ||
|---|---|---|---|
| 005 | 20250605163637.0 | ||
| 008 | 250528s ||||||||||||||||||||||||d | ||
| 035 | _a23329 | ||
| 020 | _a9789603901853 | ||
| 040 |
_aGR-AtMCL _bgre _dGR-AtMCL _eAACR2 |
||
| 245 | 1 | _aΤουριστική οικονομία | |
| 250 | _a3η | ||
| 260 |
_bInterbooks, _c2007 |
||
| 300 | _a465 | ||
| 700 | 1 | _aΗγουμενακης Νικος Γ | |
| 942 | _cBK | ||
| 999 |
_c8355 _d8355 |
||